000 00562nam a2200193 a 4500
001 000024388
005 20200930022950.0
008 110126s1967 ag r 000 f spa d
040 _aDO-SdBNP
_bspa
_cBNPHU
082 _annnn
_bB938b, 1967
100 1 _aBullrich, Silvina,
_d1915-1990
_950013
245 1 4 _aLos burgueses /
_cSilvina Bullrich.
250 _a10a ed.
260 _aBuenos Aires :
_bSudamericana,
_c1967.
300 _a133 p. , ;
_c18 cm.
490 1 _aNovelistas latinoamericanos
830 0 _aNovelistas latinoamericanos
_950014
049 _aBNGR
999 _c23881
_d23881